| 000 | 01347nam a2200253Ia 4500 | ||
|---|---|---|---|
| 003 | Ost | ||
| 005 | 20260507075241.0 | ||
| 008 | 260507s9999||||xx |||||||||||||| ||und|| | ||
| 020 | _a90267499579 | ||
| 040 | _cfsecg | ||
| 041 | _aara | ||
| 082 | _a330 | ||
| 100 |
_aالخطيب، سعادة راغب _eمؤلف |
||
| 245 | 0 |
_aالمدخل العلمي الحديث للادارة العامة / _c سعادة راغب الخطيب |
|
| 260 |
_aعمان: _bدار كنزو المعرفة, _c2009 |
||
| 300 |
_a418 صفحة؛ _bإيضاحات ؛ _c24 سم |
||
| 504 | _aمراجع ص.417 | ||
| 520 | _aالأسس الفكرية ، تعريف الإدارة العامة ، نطاق الادارة العامة ــ الجهاز الاداري ، نظرية الادارة و التظيم ، نظرية البيروقراطية ، نظرية البيئة للإدارة العامة ، الوظائف الرئيسية للإدارة العامة ، التغيير و التطوير في المنظمات العامة ، إدارة الجودة العامة ، الرقابة على أداء الادارة العامة . | ||
| 653 | _aالإدارة العامة | ||
| 653 | _aالبيروقراطية | ||
| 653 | _aالرقابة | ||
| 700 |
_aالرحاحلة، عبد الرزاق سالم _eمؤلف ثانوي |
||
| 942 | _cكتاب | ||
| 999 |
_c43624 _d43624 |
||